00919nam a2200253 i 450000100060000000300090000600500170001500700030003200800410003502000180007608000140009410000310010824501440013926000380028330000220032149000220034365000430036570000300040870000250043883000300046385200330049399900170052695201220054318364ES-MaACL20250815004921.0t|011120s2001 sp ||||1| spa d a84-8432-260-2 a930.9"19"1 aProcacci, Giuliano.99401310aHistoria general del siglo XX / cGiuliano Procacci ; [traducción castellana de Guido M. Cappelli, con la colaboración de Laura Calvo]. aBarcelona : bCrítica, c[2001] a636 p. ; c24 cm.1 aMemoria crítica14aHistoria contemporánea-yS.XX9133961 aCappelli, Guido M.9348961 aCalvo, Laura.9338520 aMemoria crítica9122959 aES-MaACLjL-25035 bR.130523 c18364d18364 00104070aATENEOMbATENEOMcDEPO2d2008-01-17eSCl0oL-25035p1018785r2023-02-23 00:00:00w2023-02-23yMONOGRAFIA